Advanced engineering mathematics (Record no. 7386)

000 -LEADER
fixed length control field 00781 a2200193 4500
020 ## - INTERNATIONAL STANDARD BOOK NUMBER
International Standard Book Number 0195160185
040 ## - CATALOGING SOURCE
Original cataloging agency DLC
Language of cataloging DLC
082 ## - DEWEY DECIMAL CLASSIFICATION NUMBER
Classification number 510.2462
100 1# - MAIN ENTRY--PERSONAL NAME
Personal name Potter, Merle C.
245 10 - TITLE STATEMENT
Title Advanced engineering mathematics
Statement of responsibility, etc. Merle C. Potter, J. L. Goldberg, Edward F. Aboufadel.
250 ## - EDITION STATEMENT
Edition statement 3rd ed.
260 ## - PUBLICATION, DISTRIBUTION, ETC.
Place of publication, distribution, etc. New York :
Name of publisher, distributor, etc. Oxford University Press,
Date of publication, distribution, etc. 2005.
300 ## - PHYSICAL DESCRIPTION
Extent xii, 739 p. :
Other physical details ill. ;
Dimensions 25 cm.
520 1# - SUMMARY, ETC.
Summary, etc. "Advanced Engineering Mathematics, 3/e, is ideal for upper-level undergraduate or first-year graduate courses in advanced engineering mathematics, engineering analysis, or applied mathematics."--BK JACKET.
650 #0 - SUBJECT ADDED ENTRY--TOPICAL TERM
Topical term or geographic name entry element Engineering mathematics.
700 1# - ADDED ENTRY--PERSONAL NAME
Personal name Goldberg, Jack L.
Dates associated with a name 1932-
700 1# - ADDED ENTRY--PERSONAL NAME
Personal name Aboufadel, Edward,
Dates associated with a name 1965-
942 ## - ADDED ENTRY ELEMENTS (KOHA)
Koha item type Book
Call number prefix 510.2462 POT
Source of classification or shelving scheme
Holdings
Withdrawn status Lost status Damaged status Not for loan Collection code Permanent Location Current Location Shelving location Date acquired Source of acquisition Cost, normal purchase price Total Checkouts Full call number Barcode Date last seen Date last checked out Price effective from Koha item type
          Central Library (CL) Central Library (CL) General Stacks 05/20/2006 Pak Book Corporation 2757.25 2 510.2462 POT SEECS007312 09/17/2020 03/10/2020 01/05/2017 Book
© 2023 Central Library, National University of Sciences and Technology. All Rights Reserved.